[Event "03, WM Moskau [i 38/224"]
[Site "03, WM Moskau [i 38/224"]
[Date "1984.??.??"]
[Round "?"]
[White "Karpov, Anatoly"]
[Black "Kasparov, Gary"]
[Result "1-0"]
[WhiteElo "2700"]
[BlackElo "2710"]
[PlyCount "65"]
[EventDate "1984.??.??"]
[Source "www.chesslib.no"]
[SourceDate "2004.05.04"]

1. e4 c5 2. Nf3 e6 3. d4 cxd4 4. Nxd4 Nc6 5. Nb5 d6 6. c4 Nf6 7. N1c3 a6 8. Na3 Be7 9. Be2 O-O 10. O-O b6 11. Be3 Bb7 12. Qb3 Na5 13. Qxb6 Nxe4 14. Nxe4 Bxe4 15. Qxd8 Bxd8 16. Rad1 d5 17. f3 Bf5 18. cxd5 exd5 19. Rxd5 Be6 20. Rd6 Bxa2 21. Rxa6 Rb8 22. Bc5 Re8 23. Bb5 Re6 24. b4 Nb7 25. Bf2 Be7 26. Nc2 Bd5 27. Rd1 Bb3 28. Rd7 Rd8 29. Rxe6 Rxd7 30. Re1 Rc7 31. Bb6 Rxc2 32. Rxe7 Nd6 33. Bc5 1-0

[Event "ch World match cand."]
[Site "ch World match cand."]
[Date "1971.??.??"]
[Round "1"]
[White "Fischer, Robert J"]
[Black "Petrosian, Tigran V"]
[Result "1-0"]
[WhiteElo "2740"]
[BlackElo "2640"]
[PlyCount "23"]
[EventDate "1971.??.??"]
[Source "www.chesslib.no"]
[SourceDate "2004.05.04"]

1. e4 c5 2. Nf3 e6 3. d4 cxd4 4. Nxd4 Nc6 5. Nb5 d6 6. Bf4 e5 7. Be3 Nf6 8. Bg5 Be6 9. N1c3 a6 10. Bxf6 gxf6 11. Na3 d5 12. Qd2 1-0

[Event "Wijk aan Zee"]
[Site "?"]
[Date "1996.??.??"]
[Round "?"]
[White "Leko, P."]
[Black "Topalov, Veselin"]
[Result "1/2-1/2"]
[WhiteElo "2625"]
[BlackElo "2700"]
[PlyCount "83"]
[EventDate "1996.??.??"]
[Source "ChessBase"]
[SourceDate "1995.10.01"]

1. e4 c5 2. Nf3 e6 3. d4 cxd4 4. Nxd4 Nc6 5. Nb5 d6 6. Bf4 e5 7. Be3 a6 8. N5c3 Nf6 9. Bg5 Be6 10. Nd2 Be7 11. Nc4 O-O 12. Bxf6 Bxf6 13. Qxd6 Qxd6 14. Nxd6 b5 15. Bd3 g6 16. Nb7 Be7 17. Nd5 Bxd5 18. exd5 Nb4 19. Be4 f5 20. a3 fxe4 21. axb4 Bxb4+ 22. c3 Rf7 23. cxb4 Rxb7 24. Ke2 Rd7 25. Rhd1 Rad8 26. Rxa6 Rxd5 27. Rxd5 Rxd5 28. Rb6 Kg7 29. h4 h5 30. g3 Kf7 31. Ke3 Kg7 32. Kxe4 Rd4+ 33. Kxe5 Rxb4 34. Rb7+ Kh6 35. f3 Rxb2 36. g4 hxg4 37. fxg4 Rh2 38. g5+ Kh5 39. Rh7+ Kg4 40. Kf6 Rxh4 41. Rb7 Kh5 42. Rh7+ 1/2-1/2

[Event "Hoogovens"]
[Site "Wijk aan Zee"]
[Date "1997.??.??"]
[Round "7"]
[White "Granda Zuniga, Julio E"]
[Black "Short, Nigel D"]
[Result "1-0"]
[WhiteElo "2620"]
[BlackElo "2690"]
[PlyCount "89"]
[EventDate "1997.01.18"]
[Source "ChessBase"]
[SourceDate "1997.04.10"]

1. e4 c5 2. Nf3 e6 3. d4 cxd4 4. Nxd4 Nc6 5. Nb5 d6 6. c4 Nf6 7. N1c3 a6 8. Na3 Be7 9. Be2 b6 10. Be3 O-O 11. O-O Ne5 12. f4 Ned7 13. Bf3 Bb7 14. Re1 Qc7 15. Rc1 Rad8 16. Qe2 Qb8 17. Bf2 Ba8 18. Nab1 h6 19. Nd2 Nh7 20. Bg4 Kh8 21. f5 exf5 22. Bxf5 Ne5 23. Nd5 Bxd5 24. cxd5 g6 25. Bh3 Ng5 26. Rc3 b5 27. Bg4 h5 28. Bxh5 gxh5 29. Qxh5+ Kg7 30. Nf1 Rh8 31. Qe2 b4 32. Rb3 Qb5 33. Qxb5 axb5 34. Ng3 Rc8 35. Nf5+ Kf8 36. Rg3 Rh5 37. h4 Nh7 38. Rg8+ Kxg8 39. Nxe7+ Kf8 40. Nxc8 Nd3 41. Nxd6 Nxe1 42. Bxe1 Nf6 43. Bxb4 Ke7 44. g3 Kd7 45. Kg2 1-0

[Event "Keres mem"]
[Site "Tallinn/ Parnu"]
[Date "1998.06.29"]
[Round "9"]
[White "Khalifman, Alexander"]
[Black "Lautier, Joel"]
[Result "1/2-1/2"]
[WhiteElo "2660"]
[BlackElo "2645"]
[PlyCount "46"]
[EventDate "1998.06.19"]
[Source "ChessBase"]
[SourceDate "1998.09.30"]

1. e4 c5 2. Nf3 e6 3. d4 cxd4 4. Nxd4 Nc6 5. Nb5 d6 6. c4 Nf6 7. N1c3 a6 8. Na3 Be7 9. Be2 O-O 10. O-O b6 11. Be3 Bb7 12. Qb3 Nd7 13. Rfd1 Nc5 14. Qc2 Qc7 15. Rac1 Rac8 16. Qd2 Qb8 17. Kh1 Rfd8 18. Nc2 Ne5 19. f3 h6 20. Qe1 Ba8 21. Nd4 Bf8 22. Qf2 Ncd7 23. Qf1 Nf6 1/2-1/2

[Event "ECC"]
[Site "Rethymnon"]
[Date "2003.10.04"]
[Round "7"]
[White "Macieja, Bartlomiej"]
[Black "Rublevsky, Sergei"]
[Result "1-0"]
[WhiteElo "2627"]
[BlackElo "2672"]
[PlyCount "137"]
[EventDate "2003.09.28"]
[Source "Roberto Alvarez"]
[SourceDate "2003.10.06"]

1. e4 c5 2. Nf3 e6 3. d4 cxd4 4. Nxd4 Nc6 5. Nb5 d6 6. Bf4 e5 7. Be3 a6 8. N5c3 Nf6 9. Bc4 Be6 10. Nd5 Nxe4 11. Bb6 Qg5 12. Nc7+ Kd7 13. Bxe6+ fxe6 14. Nxa8 Qxg2 15. Rf1 Be7 16. Nd2 Rxa8 17. c3 Nxd2 18. Qxd2 Qxh2 19. O-O-O Qf4 20. Be3 Qf5 21. Rg1 g6 22. f4 e4 23. Rg3 Rf8 24. Rg5 Qf7 25. Rg3 d5 26. Kb1 Kc8 27. Rh1 Bd6 28. Rh6 Qc7 29. Rgh3 Rf7 30. Rh1 Bf8 31. R6h2 Kb8 32. Qg2 Bd6 33. Qg4 Qd7 34. Rh6 Bf8 35. R6h3 Na5 36. b3 Nc6 37. Qg1 Bd6 38. Rh6 Bf8 39. R6h3 Ka8 40. Qg2 Bd6 41. Rh6 e5 42. fxe5 Nxe5 43. Rd1 Nd3 44. Bd4 Bf4 45. Rh3 Qf5 46. Rf1 Qe6 47. Qh1 h5 48. Qg2 Rf5 49. Rhh1 e3 50. Qe2 Qe4 51. Ka1 Nb4 52. Kb2 Nc6 53. Bb6 Rf8 54. Rh3 Re8 55. Rd1 Re6 56. Bc5 Kb8 57. Rd3 Ne5 58. Rdxe3 Bxe3 59. Rxe3 Qf5 60. Bd4 Nd3+ 61. Qxd3 Qxd3 62. Rxd3 g5 63. Re3 Rg6 64. Re8+ Kc7 65. Rh8 h4 66. Rh5 Kd6 67. Be3 g4 68. Rxh4 g3 69. Rh6 1-0

[Event "Corr"]
[Site "?"]
[Date "1994.??.??"]
[Round "?"]
[White "Millican Peter J R"]
[Black "Bang Erik BH"]
[Result "1/2-1/2"]
[WhiteElo "2610"]
[BlackElo "2680"]
[PlyCount "39"]
[EventDate "1994.??.??"]
[Source "www.chesslib.no"]
[SourceDate "2004.05.04"]

1. e4 c5 2. Nf3 e6 3. d4 cxd4 4. Nxd4 Nc6 5. Nb5 d6 6. c4 Nf6 7. N1c3 a6 8. Na3 Be7 9. Be2 O-O 10. O-O b6 11. Be3 Bb7 12. Qb3 Nd7 13. Rfd1 Nc5 14. Qc2 Qc7 15. Rac1 Rac8 16. f3 Rfd8 17. Bf1 Qb8 18. Qf2 Bf6 19. Nab1 Ba8 20. Kh1 1/2-1/2

[Event "RUS"]
[Site "?"]
[Date "2006.04.26"]
[Round "7"]
[White "Naiditsch Arkadij"]
[Black "Movsesian Sergei"]
[Result "1/2-1/2"]
[WhiteElo "2664"]
[BlackElo "2618"]
[PlyCount "110"]
[EventDate "2006.??.??"]
[Source "www.chesslib.no"]
[SourceDate "2004.05.04"]

1. e4 c5 2. Nf3 e6 3. d4 cxd4 4. Nxd4 Nc6 5. Nb5 d6 6. c4 Nf6 7. N1c3 a6 8. Na3 Be7 9. Be2 O-O 10. O-O b6 11. Be3 Bb7 12. Qb3 Nd7 13. Rfd1 Qc7 14. Rac1 Nce5 15. Kh1 Rac8 16. f3 h6 17. Qc2 Nf6 18. Qd2 Ned7 19. Nc2 Rfe8 20. Nd4 Qb8 21. Bf1 Ba8 22. b3 Bb7 23. Bg1 Ba8 24. Qb2 Bb7 25. b4 Qa8 26. a3 Bd8 27. Nb3 Bc7 28. Qd2 Qb8 29. Qa2 Ne5 30. Na4 Bc6 31. b5 axb5 32. cxb5 Ba8 33. Rxc7 Rxc7 34. Nxb6 d5 35. a4 dxe4 36. Nxa8 Qxa8 37. b6 Rd7 38. Rxd7 Nexd7 39. a5 exf3 40. a6 Rb8 41. Qa1 Ng4 42. b7 Rxb7 43. axb7 Qxb7 44. Na5 Qa8 45. h3 f2 46. hxg4 fxg1=Q+ 47. Kxg1 Nf6 48. Be2 Qa7+ 49. Kh1 Qf2 50. Qd1 Ne4 51. Bf3 Qh4+ 52. Kg1 Qf2+ 53. Kh1 Ng3+ 54. Kh2 Nf1+ 55. Kh1 Ng3+ 1/2-1/2

[Event "AUT-chT 9900"]
[Site "Austria"]
[Date "2000.??.??"]
[Round "11"]
[White "Almasi, Zoltan"]
[Black "Ribli, Zoltan"]
[Result "1-0"]
[WhiteElo "2676"]
[BlackElo "2569"]
[PlyCount "67"]
[EventDate "1999.10.??"]
[Source "www.chesslib.no"]
[SourceDate "2004.05.04"]

1. e4 c5 2. Nf3 e6 3. d4 cxd4 4. Nxd4 Nc6 5. Nb5 d6 6. Bf4 e5 7. Be3 a6 8. N5c3 Nf6 9. Bg5 Be7 10. Bxf6 Bxf6 11. Nd2 O-O 12. Nc4 b5 13. Qxd6 bxc4 14. Qxc6 Be6 15. Be2 Rb8 16. Rb1 Rb6 17. Qa4 Qb8 18. O-O Rd8 19. Rfd1 Rxd1+ 20. Nxd1 g6 21. Ne3 Rb4 22. Qxa6 c3 23. b3 Rxe4 24. Bg4 Bxg4 25. Qxf6 Rf4 26. Qc6 Be6 27. Qxc3 Rd4 28. Qc5 h5 29. Re1 h4 30. h3 Rd2 31. Qe7 Qa8 32. Qxh4 Qxa2 33. Qb4 Rd6 34. Qc3 1-0

[Event "Linares"]
[Site "Linares"]
[Date "1985.??.??"]
[Round "?"]
[White "Ljubojevic, Ljubomir"]
[Black "Portisch, Lajos"]
[Result "1/2-1/2"]
[WhiteElo "2595"]
[BlackElo "2635"]
[PlyCount "106"]
[EventDate "1985.03.??"]
[Source "ChessBase"]

1. e4 c5 2. Nf3 e6 3. d4 cxd4 4. Nxd4 Nc6 5. Nb5 d6 6. c4 Nf6 7. N1c3 a6 8. Na3 Be7 9. Be2 O-O 10. O-O b6 11. Be3 Ne5 12. f3 Bb7 13. Qb3 Ned7 14. Rfd1 Qc7 15. Rac1 Rac8 16. Bf1 Rfe8 17. Kh1 Bf8 18. Bg1 g6 19. Ne2 Qb8 20. Nc2 Qa8 21. Nc3 Rb8 22. a3 Nc5 23. Qa2 Rbc8 24. b4 Ncd7 25. Qb3 Qb8 26. Na4 Bc6 27. b5 axb5 28. cxb5 Ba8 29. Nb4 Nc5 30. Nxc5 bxc5 31. Na6 Qb6 32. a4 d5 33. exd5 exd5 34. a5 Qxa5 35. Nxc5 Rb8 36. Bd4 Rec8 37. Qb2 Ne8 38. Nd7 Rxc1 39. Rxc1 Ba3 40. Qa1 Qd8 41. Nxb8 Bxc1 42. Qxc1 Qxb8 43. Qe3 Ng7 44. b6 Nf5 45. Qe5 Qxe5 46. Bxe5 Bb7 47. Kg1 Kf8 48. g4 Ne3 49. Bd3 Nc4 50. Bd4 Ke7 51. Kf2 Kd6 52. Kg3 Ne5 53. Bb5 Nc6 1/2-1/2

[Event "Russia (ch) 88/140"]
[Site "?"]
[Date "2003.??.??"]
[Round "?"]
[White "Ionov, S."]
[Black "Rublevsky, S."]
[Result "1/2-1/2"]
[WhiteElo "2556"]
[BlackElo "2672"]
[PlyCount "110"]
[EventDate "2003.??.??"]
[Source "Chess Informant"]
[SourceDate "2003.06.01"]

1. e4 c5 2. Nf3 e6 3. d4 cxd4 4. Nxd4 Nc6 5. Nb5 d6 6. Bf4 e5 7. Be3 a6 8. N5c3 Nf6 9. Nd2 Ng4 10. Nd5 Nxe3 11. Nxe3 Be6 12. Bc4 Be7 13. Nf3 Rc8 14. O-O O-O 15. Bb3 Nb8 16. Qe2 Nd7 17. Rfd1 Rc5 18. Nd5 Nb6 19. Nxb6 Qxb6 20. Rd2 a5 21. Rad1 Ra8 22. Bxe6 fxe6 23. c3 Qc6 24. Rd3 Rf8 25. Nd2 Qb5 26. Nf1 Rc6 27. f3 Qa6 28. Ne3 b5 29. Qc2 Rfc8 30. Qb3 Kf7 31. a3 Qb6 32. Kh1 Qc5 33. Qc2 b4 34. axb4 axb4 35. Qe2 b3 36. Ra1 R6c7 37. Rdd1 Ra7 38. Rxa7 Qxa7 39. Nc4 Rc6 40. Nd2 Qa4 41. Qd3 Rc5 42. g3 d5 43. Qe2 d4 44. cxd4 Rc2 45. Qd3 Rxb2 46. d5 Qd4 47. Nxb3 Qf2 48. dxe6+ Kg6 49. Nd2 Bc5 50. e7 Bxe7 51. Qa6+ Bf6 52. Qd3 Be7 53. Qd7 Rxd2 54. Qf5+ Kh6 55. Qh3+ Kg6 1/2-1/2

[Event "Tilburg"]
[Site "Tilburg"]
[Date "1983.??.??"]
[Round "?"]
[White "Karpov, Anatoly"]
[Black "Van der Wiel, John TH"]
[Result "1-0"]
[WhiteElo "2710"]
[BlackElo "2515"]
[PlyCount "113"]
[EventDate "1983.10.??"]
[Source "ChessBase"]

1. e4 c5 2. Nf3 e6 3. d4 cxd4 4. Nxd4 Nc6 5. Nb5 d6 6. c4 Nf6 7. N1c3 a6 8. Na3 Be7 9. Be2 O-O 10. O-O b6 11. Be3 Re8 12. Rc1 Bf8 13. Qb3 Nd7 14. Rfd1 Nc5 15. Qc2 Bb7 16. Qd2 Rc8 17. Nc2 Ne5 18. f3 Rc7 19. Bf2 Qb8 20. Nd4 Rec8 21. b3 Be7 22. Bf1 Kh8 23. Be3 Rg8 24. Bg5 Bf8 25. Nce2 h6 26. Be3 Qd8 27. Ng3 Qh4 28. Be2 g6 29. b4 Ncd7 30. Bf2 Qe7 31. f4 Nc6 32. Nf3 Nf6 33. Bxb6 Rd7 34. b5 Nb8 35. Bd3 Bg7 36. Qe2 Rc8 37. a4 Ba8 38. a5 Ne8 39. Qe3 Kh7 40. Be2 Nf6 41. h3 d5 42. cxd5 Rxc1 43. Qxc1 exd5 44. e5 Ne4 45. Nf1 Qb4 46. Qc8 Nc3 47. Rd2 Nxe2+ 48. Rxe2 d4 49. Qxb8 Bxf3 50. gxf3 d3 51. Rd2 Qxf4 52. Be3 Qxf3 53. bxa6 Rd5 54. Qb7 Bxe5 55. Rf2 Qe4 56. Rxf7+ Kg8 57. Qe7 1-0

[Event "Beograd"]
[Site "?"]
[Date "1991.??.??"]
[Round "?"]
[White "Nunn, J."]
[Black "Ljubojevic, Lj"]
[Result "1-0"]
[WhiteElo "2610"]
[BlackElo "2600"]
[PlyCount "89"]
[EventDate "1991.??.??"]
[Source "ChessBase"]
[SourceDate "1991.10.01"]

1. e4 c5 2. Nf3 e6 3. d4 cxd4 4. Nxd4 Nc6 5. Nb5 d6 6. c4 Nf6 7. N1c3 a6 8. Na3 Be7 9. Be2 O-O 10. O-O b6 11. Be3 Bb7 12. Qb3 Nd7 13. Rfd1 Nc5 14. Qc2 Bf6 15. Rac1 Bxc3 16. Qxc3 Nxe4 17. Qb3 Rb8 18. Bxb6 Qf6 19. Qe3 Ba8 20. b3 Qb2 21. Bf3 Ne5 22. Bxe4 Bxe4 23. Bc7 Rbc8 24. Bxd6 Rfd8 25. f3 Rxd6 26. Rxd6 Nd3 27. Rd1 Qxa3 28. Qb6 Bg6 29. R1xd3 Bxd3 30. Rd8+ Rxd8 31. Qxd8+ Qf8 32. Qxd3 Qc5+ 33. Kf1 h5 34. Qc3 h4 35. b4 Qd6 36. c5 Qxh2 37. c6 Qc7 38. a4 Kf8 39. b5 axb5 40. axb5 g5 41. b6 Qxb6 42. c7 Qb1+ 43. Ke2 Qb5+ 44. Ke1 Qb1+ 45. Kd2 1-0

[Event "Vienna"]
[Site "Vienna"]
[Date "1991.??.??"]
[Round "8"]
[White "Nunn, John DM"]
[Black "Ribli, Zoltan"]
[Result "1/2-1/2"]
[WhiteElo "2610"]
[BlackElo "2595"]
[PlyCount "29"]
[EventDate "1991.10.??"]
[Source "ChessBase"]

1. e4 c5 2. Nf3 e6 3. d4 cxd4 4. Nxd4 Nc6 5. Nb5 d6 6. c4 a6 7. N5a3 b6 8. Nc3 Nf6 9. g4 Bb7 10. Bg2 Rc8 11. O-O Be7 12. Qe2 Nd4 13. Qd1 Nc6 14. Qe2 Nd4 15. Qd1 1/2-1/2

[Event "Calcutta"]
[Site "Calcutta"]
[Date "1992.??.??"]
[Round "9"]
[White "Georgiev, Kiril"]
[Black "Ribli, Zoltan"]
[Result "1/2-1/2"]
[WhiteElo "2605"]
[BlackElo "2595"]
[PlyCount "34"]
[EventDate "1992.01.??"]
[Source "ChessBase"]

1. e4 c5 2. Nf3 e6 3. d4 cxd4 4. Nxd4 Nc6 5. Nb5 d6 6. c4 Nf6 7. N1c3 a6 8. Na3 Be7 9. Be2 O-O 10. O-O b6 11. Be3 Bb7 12. Qb3 Nd7 13. Rfd1 Re8 14. Rac1 Rc8 15. Qc2 Nce5 16. f4 Ng6 17. g3 Rc7 1/2-1/2

[Event "Wijk m"]
[Site "Wijk aan Zee"]
[Date "1993.??.??"]
[Round "4"]
[White "Oll, Lembit"]
[Black "Illescas Cordoba, Miguel"]
[Result "0-1"]
[WhiteElo "2585"]
[BlackElo "2615"]
[PlyCount "80"]
[EventDate "1993.01.??"]
[Source "ChessBase"]

1. e4 c5 2. Nf3 e6 3. d4 cxd4 4. Nxd4 Nc6 5. Nb5 Nf6 6. Bf4 e5 7. Bg5 Bb4+ 8. c3 Bc5 9. Bd3 a6 10. N5a3 h6 11. Bxf6 Qxf6 12. O-O O-O 13. b4 Ba7 14. Nc4 d6 15. Qe2 Ne7 16. Ne3 Be6 17. Nd2 d5 18. Rac1 Rad8 19. Bb1 g6 20. Nf3 h5 21. h3 Qf4 22. g3 Qh6 23. Kh2 Bxe3 24. fxe3 dxe4 25. Bxe4 Bd5 26. Bxd5 Nxd5 27. e4 Qe3 28. Qc2 Nf6 29. Rce1 Qd3 30. Qxd3 Rxd3 31. Nxe5 Rd2+ 32. Kg1 Kg7 33. Rf3 Rxa2 34. Ref1 Nxe4 35. Rxf7+ Rxf7 36. Rxf7+ Kg8 37. Rxb7 Nxc3 38. Rb6 Ne2+ 39. Kf2 Nf4+ 40. Ke3 Nd5+ 0-1

[Event "Pamplona"]
[Site "?"]
[Date "1996.??.??"]
[Round "?"]
[White "Almasi, Z."]
[Black "Cramling, P."]
[Result "1-0"]
[WhiteElo "2655"]
[BlackElo "2545"]
[PlyCount "120"]
[EventDate "1996.??.??"]
[Source "ChessBase"]
[SourceDate "1996.10.01"]

1. e4 c5 2. Nf3 e6 3. d4 cxd4 4. Nxd4 Nc6 5. Nb5 d6 6. Bf4 e5 7. Be3 a6 8. N5c3 Nf6 9. Bg5 Be7 10. Nd2 Be6 11. Nc4 Nd4 12. Bd3 Rc8 13. Bxf6 Bxf6 14. Ne3 Bg5 15. Ncd5 Bxe3 16. Nxe3 O-O 17. O-O Qb6 18. c3 Nc6 19. Qe2 Ne7 20. Rfd1 Rfd8 21. Rd2 Qc7 22. Qd1 Qb6 23. Qa4 Rc5 24. Bc4 Qc6 25. Qxc6 Rxc6 26. Bb3 Kf8 27. Rad1 Nc8 28. g3 Re8 29. Ba4 b5 30. Bb3 g6 31. Kg2 Kg7 32. f3 Re7 33. h4 a5 34. Bd5 Rc5 35. Rd3 Bxd5 36. Rxd5 Rec7 37. Kf2 f6 38. Ke2 Kf7 39. h5 Ke6 40. f4 Kf7 41. Rh1 Kg7 42. hxg6 hxg6 43. Rd2 exf4 44. gxf4 Rf7 45. Kf3 f5 46. exf5 gxf5 47. Rh5 Kf8 48. Rd3 Ke7 49. b4 axb4 50. cxb4 Rc1 51. Rd5 Rc3 52. Rxb5 Kd8 53. Kf2 Ne7 54. Rb7 Rc7 55. Rb8+ Kd7 56. a4 Nc6 57. Rb6 Nd4 58. Rh6 Ne6 59. Nd5 Rc2+ 60. Ke3 Nc7 1-0

[Event "Pamplona"]
[Site "?"]
[Date "1994.??.??"]
[Round "?"]
[White "Yudasin, L."]
[Black "Morozevich, A."]
[Result "1/2-1/2"]
[WhiteElo "2625"]
[BlackElo "2575"]
[PlyCount "35"]
[EventDate "1994.??.??"]
[Source "ChessBase"]
[SourceDate "1994.10.01"]

1. e4 c5 2. Nf3 e6 3. d4 cxd4 4. Nxd4 Nc6 5. Nb5 d6 6. c4 a6 7. N5c3 Nf6 8. Be2 Be7 9. O-O O-O 10. Na3 b6 11. Bf4 Bb7 12. Re1 Nb4 13. Qb3 d5 14. Rad1 d4 15. e5 Ne4 16. Nxe4 Bxe4 17. Bf3 Bxf3 18. Qxf3 1/2-1/2

[Event "Magyarorszag (ch)"]
[Site "?"]
[Date "2004.??.??"]
[Round "?"]
[White "Varga, Zo"]
[Black "Berkes, F."]
[Result "0-1"]
[WhiteElo "2590"]
[BlackElo "2610"]
[PlyCount "104"]
[EventDate "2004.??.??"]
[Source "Chess Informant"]
[SourceDate "2004.06.01"]

1. e4 c5 2. Nf3 e6 3. d4 cxd4 4. Nxd4 Nc6 5. Nb5 d6 6. Bf4 e5 7. Be3 a6 8. N5c3 Nf6 9. Bg5 Be7 10. Bxf6 Bxf6 11. Bc4 Be6 12. Nd5 Rc8 13. Nbc3 Nd4 14. Bb3 O-O 15. O-O Bg5 16. Qd3 Kh8 17. Rad1 b5 18. Ne2 Nxb3 19. Qxb3 Rc4 20. Nec3 Qc8 21. Nb6 Rd4 22. Nxc8 Bxb3 23. Nxd6 Bxc2 24. Rxd4 exd4 25. Nd5 Bd2 26. f3 d3 27. Kf2 g6 28. e5 Kg7 29. f4 Rd8 30. g3 b4 31. Ne3 b3 32. a3 Bc3 33. bxc3 b2 34. c4 Rb8 35. c5 b1=Q 36. Rxb1 Rxb1 37. c6 Ba4 38. c7 Rb2+ 39. Kf1 Bd7 40. c8=Q Bxc8 41. Nxc8 Re2 42. Nc4 Rxh2 43. N8d6 Rc2 44. Ne3 Ra2 45. Ndc4 h5 46. Nd1 Rc2 47. Ncb2 Rd2 48. Ke1 Rg2 49. Nxd3 Rxg3 50. N1f2 h4 51. Ke2 h3 52. Ne4 Rg1 0-1

[Event "Capablanca mem-A"]
[Site "Cienfuegos"]
[Date "1996.??.??"]
[Round "13"]
[White "Gonzalez, Renier"]
[Black "Miles, Anthony J"]
[Result "0-1"]
[WhiteElo "2560"]
[BlackElo "2635"]
[PlyCount "88"]
[EventDate "1996.05.??"]
[Source "ChessBase"]

1. e4 c5 2. Nf3 e6 3. d4 cxd4 4. Nxd4 Nc6 5. Nb5 d6 6. c4 Nf6 7. N1c3 a6 8. Na3 Be7 9. Be2 O-O 10. O-O b6 11. f4 Bb7 12. Bf3 Rc8 13. Be3 Nd7 14. Qe2 Qc7 15. Rac1 Qb8 16. Rfd1 Nc5 17. Nc2 Bf6 18. Qd2 Rfd8 19. b4 Nd7 20. Na4 b5 21. Nb6 Nxb6 22. Bxb6 Re8 23. Na3 Ba8 24. Bf2 Red8 25. cxb5 axb5 26. Qe2 Nd4 27. Bxd4 Bxd4+ 28. Kf1 Rxc1 29. Rxc1 Qb6 30. Qxb5 Qa7 31. Rd1 Bg1 32. Rd2 Bxh2 33. Rxd6 Rf8 34. Qd3 Qg1+ 35. Ke2 Bg3 36. Nc2 Bh4 37. Qe3 Qb1 38. Qb3 Qc1 39. Rd1 Qxf4 40. Qe3 Qe5 41. Qd4 Qb5+ 42. Qd3 Qb6 43. Rf1 Rd8 44. Qc4 Qd6 0-1

[Event "Dortmund"]
[Site "Dortmund"]
[Date "1993.??.??"]
[Round "6"]
[White "Lutz, Christopher"]
[Black "Lautier, Joel"]
[Result "1/2-1/2"]
[WhiteElo "2550"]
[BlackElo "2645"]
[PlyCount "66"]
[EventDate "1993.04.??"]
[Source "ChessBase"]

1. e4 c5 2. Nf3 e6 3. d4 cxd4 4. Nxd4 Nc6 5. Nb5 d6 6. c4 Nf6 7. N5c3 Be7 8. g3 b6 9. Bg2 Bb7 10. O-O O-O 11. b3 a6 12. Bb2 Qc7 13. Na3 Rac8 14. Rc1 Qb8 15. Qe2 Rfe8 16. Rfd1 Nb4 17. Qd2 Rcd8 18. Nc2 d5 19. Nxb4 dxc4 20. Qe2 Bxb4 21. Qxc4 Bc5 22. b4 Be7 23. b5 axb5 24. Nxb5 Bc5 25. Qe2 e5 26. Ba3 Rxd1+ 27. Rxd1 Bxa3 28. Nxa3 Qa8 29. Nb5 Rd8 30. Nc7 Qb8 31. Nd5 Bxd5 32. exd5 Qd6 33. Qc4 g6 1/2-1/2

[Event "60th ch-RUS Higher League"]
[Site "Krasnoyarsk RUS"]
[Date "2007.09.03"]
[Round "1"]
[White "Kryakvin, D."]
[Black "Kobalia, M."]
[Result "1/2-1/2"]
[WhiteElo "2554"]
[BlackElo "2634"]
[PlyCount "116"]
[EventDate "2007.09.03"]
[Source "www.chesslib.no"]
[SourceDate "2004.05.04"]

1. e4 c5 2. Nf3 e6 3. d4 cxd4 4. Nxd4 Nc6 5. Nb5 d6 6. Bf4 e5 7. Be3 Be6 8. N1c3 a6 9. Na3 Nf6 10. Nc4 b5 11. Nb6 Rb8 12. Nbd5 Ng4 13. Bd2 b4 14. Na4 f5 15. Be2 fxe4 16. Bg5 Qa5 17. Nab6 Rxb6 18. Nxb6 Nxf2 19. Kxf2 Qxb6+ 20. Be3 Qd8 21. c4 bxc3 22. Qa4 Qd7 23. bxc3 Be7 24. Rhe1 O-O+ 25. Kg1 Nd4 26. Qxd7 Nxe2+ 27. Rxe2 Bxd7 28. c4 Rc8 29. Rc1 Be6 30. Rec2 Kf7 31. Kf2 Bd8 32. Ba7 Kg6 33. h3 Rc6 34. Ke2 Ba5 35. Kf2 Bb4 36. Ke3 Ba3 37. Rb1 Bxc4 38. Rc3 Bxa2 39. Rxc6 Bxb1 40. Rxa6 Bb4 41. Ra4 Bc3 42. Ra3 Bb2 43. Ra6 Bc1+ 44. Kf2 Bg5 45. Rxd6+ Kf7 46. Be3 Bh4+ 47. g3 Be7 48. Rd7 Ke6 49. Rc7 Bd3 50. Bc5 Bxc5+ 51. Rxc5 h5 52. Rc8 Kf5 53. Rf8+ Kg5 54. Rh8 Bc4 55. Re8 Kf5 56. Ke3 Bd3 57. Rf8+ Kg5 58. Rf7 Kg6 1/2-1/2

[Event "Krasnodar Kuban Spring"]
[Site "Krasnodar"]
[Date "2000.??.??"]
[Round "7"]
[White "Goloshchapov, Alexander"]
[Black "Tregubov, Pavel"]
[Result "0-1"]
[WhiteElo "2572"]
[BlackElo "2615"]
[PlyCount "72"]
[EventDate "2000.04.03"]
[Source "www.chesslib.no"]
[SourceDate "2004.05.04"]

1. e4 c5 2. Nf3 e6 3. d4 cxd4 4. Nxd4 Nc6 5. Nb5 d6 6. Bf4 e5 7. Be3 a6 8. N5c3 Nf6 9. Bg5 Be7 10. Nd2 O-O 11. Nc4 Nxe4 12. Bxe7 Nxe7 13. Nxe4 d5 14. Nxe5 Nf5 15. Be2 dxe4 16. Qxd8 Rxd8 17. Bc4 Be6 18. Bxe6 fxe6 19. Rd1 Rd5 20. Ng4 Rad8 21. Ke2 Nd4+ 22. Kd2 Nb3+ 23. Ke2 Nd4+ 24. Kd2 Rb5 25. Ne3 e5 26. Rb1 Rc5 27. c3 Ne6+ 28. Kc2 Nd4+ 29. Kd2 Ne6+ 30. Kc1 Rc7 31. Re1 Rf7 32. Nd1 Nf4 33. Rxe4 Rfd7 34. Re1 Nd3+ 35. Kd2 Nxf2+ 36. Ke2 Rd2+ 0-1

[Event "ch-FRA"]
[Site "Val d'Isere"]
[Date "2004.08.24"]
[Round "9"]
[White "Fontaine, Robert"]
[Black "Lautier, Joel"]
[Result "1/2-1/2"]
[WhiteElo "2517"]
[BlackElo "2666"]
[PlyCount "31"]
[EventDate "2004.08.16"]
[Source "Roberto Alvarez"]
[SourceDate "2004.09.06"]

1. e4 c5 2. Nf3 e6 3. d4 cxd4 4. Nxd4 Nc6 5. Nb5 d6 6. Bf4 e5 7. Be3 a6 8. N5c3 Nf6 9. Bg5 Be7 10. Nd2 Bg4 11. Be2 Bxe2 12. Nxe2 d5 13. Bxf6 Bxf6 14. Nc3 dxe4 15. Ndxe4 Be7 16. Nd5 1/2-1/2

[Event "Yerevan ol (Men)"]
[Site "Yerevan"]
[Date "1996.??.??"]
[Round "4"]
[White "Spangenberg, Hugo"]
[Black "Hracek, Zbynek"]
[Result "0-1"]
[WhiteElo "2555"]
[BlackElo "2625"]
[PlyCount "98"]
[EventDate "1996.09.??"]
[Source "www.chesslib.no"]
[SourceDate "2004.05.04"]

1. e4 c5 2. Nf3 e6 3. d4 cxd4 4. Nxd4 Nc6 5. Nb5 d6 6. c4 Nf6 7. N1c3 a6 8. Na3 Be7 9. Be2 b6 10. Be3 Ne5 11. O-O O-O 12. f4 Ned7 13. Bf3 Bb7 14. Qe2 h6 15. Rad1 Qc7 16. g4 Nh7 17. Bg2 Rac8 18. Kh1 Rfe8 19. h3 Nhf8 20. Qf2 Ng6 21. g5 hxg5 22. fxg5 Rf8 23. Qg3 Nge5 24. Bf4 g6 25. Rf2 Bc6 26. Be3 Bb7 27. Bf4 Qb8 28. b3 Qc7 29. Nab1 Bc6 30. Nd2 b5 31. cxb5 axb5 32. b4 Nb6 33. Nb3 Nbc4 34. Nd4 Qb7 35. Rdf1 Bd7 36. Bc1 Qb6 37. Nb3 Rc7 38. Ne2 Ra8 39. Nf4 Rca7 40. a3 Kg7 41. Nd3 Rxa3 42. Nxe5 Nxe5 43. Bb2 Be8 44. h4 Ra2 45. Nc1 Rxb2 46. Rxb2 Qd4 47. Qf2 Qxf2 48. Rfxf2 Bc6 49. Ra2 Rh8 0-1

[Event "Haninge"]
[Site "Haninge"]
[Date "1992.??.??"]
[Round "6"]
[White "Kengis, Edvins"]
[Black "Andersson, Ulf"]
[Result "1/2-1/2"]
[WhiteElo "2575"]
[BlackElo "2605"]
[PlyCount "39"]
[EventDate "1992.05.??"]
[Source "ChessBase"]

1. e4 c5 2. Nf3 e6 3. d4 cxd4 4. Nxd4 Nc6 5. Nb5 d6 6. Bf4 e5 7. Be3 Nf6 8. Bg5 Be6 9. Bxf6 gxf6 10. Nd2 a6 11. Nc3 d5 12. exd5 Bxd5 13. Bc4 Bxc4 14. Nxc4 Qxd1+ 15. Rxd1 Bb4 16. O-O Bxc3 17. bxc3 Ke7 18. Nd6 Rab8 19. Nf5+ Ke6 20. Ng7+ 1/2-1/2

[Event "EU-ch 2nd playoff g15'"]
[Site "Ohrid"]
[Date "2001.06.15"]
[Round "1.2"]
[White "Galkin, Alexander"]
[Black "Delchev, Aleksander"]
[Result "0-1"]
[WhiteElo "2584"]
[BlackElo "2584"]
[PlyCount "86"]
[EventDate "2001.06.15"]
[Source "ChessBase"]
[SourceDate "2001.09.13"]

1. e4 c5 2. Nf3 e6 3. d4 cxd4 4. Nxd4 Nc6 5. Nb5 d6 6. c4 Nf6 7. N1c3 a6 8. Na3 b6 9. Be2 Bb7 10. O-O Be7 11. Be3 Ne5 12. f3 O-O 13. Qd2 Qc7 14. Rfd1 Rac8 15. Rac1 Qb8 16. Qe1 Bd8 17. Qf2 Ned7 18. Kh1 Bc7 19. Qg1 Kh8 20. Rc2 Rg8 21. Rcd2 g5 22. Qf2 Rg6 23. Nc2 Rcg8 24. h3 h5 25. Bd4 R8g7 26. b4 Qg8 27. Kg1 g4 28. fxg4 hxg4 29. Bxg4 e5 30. Be3 Nxg4 31. hxg4 Rxg4 32. Ne1 f5 33. Rxd6 Bxd6 34. Rxd6 f4 35. Bd2 Qh7 36. c5 bxc5 37. bxc5 Rh4 38. Kf1 Bxe4 39. Nxe4 Rh1+ 40. Ke2 Qxe4+ 41. Kd1 Qb1+ 42. Bc1 Qb4 43. Rd5 Qa4+ 0-1